Logo BPK

Biblioteka

Politechniki Koszalińskiej

Wielki słownik angielsko-polski PWN-Oxford = (Rekord nr 49299)

Szczegóły MARC
000 -ETYKIETA REKORDU
podpole kontrolne o stałej długości 00750nam a2200229 i 4500
001 - NUMER KONTROLNY REKORDU
pole kontrolne bgj
020 ## - MIĘDZYNARODOWY ZNORMALIZOWANY NUMER KSIĄŻKI - ISBN
ISBN 8301137088 (hbk, jacket)
040 ## - ŹRÓDŁO KATALOGOWANIA
Instytucja, która utworzyła rekord BPK
041 0# - KOD JĘZYKA
Kod języka tekstu pol
-- eng
920 ## - Międzynarodowy znormalizowany numer książki – ISBN
ISBN 83-01-13708-8 (hbk, jacket)
008 - POLE O STAŁEJ DŁUGOŚCI - DANE KONTROLNE
podpole kontrolne o stałej długości 040511s2002 pl d |000 0 pol
245 00 - TYTUŁ/ODPOWIEDZIALNOŚĆ
Tytuł Wielki słownik angielsko-polski PWN-Oxford =
Ciąg dalszy tytułu English-Polish dictionary PWN-Oxford /
Pozostałe elementy strefy tytułu i oznaczenia odpowiedzialności Jadwiga Linde-Usiekniewicz, editor in chief.
246 11 - WARIANT TYTUŁU
Tytuł English-Polish Dictionary PWN-Oxford
260 ## - STREFA ADRESU WYDAWNICZEGO
Miejsce wydania Warszawa :
Nazwa wydawcy/dystrybutora Wydawnictwo Naukowe PWN,
Data publikacji, dystrybucji/powstania dokumentu 2002.
300 ## - STREFA OPISU FIZYCZNEGO
Objętość CXX, 1384 pp ;
Rozmiary 27 cm.
505 ## - SFORMALIZOWANA UWAGA DOTYCZĄCA ZAWARTOŚCI
Pełny tekst uwagi Includes CD-ROM.
650 #9 - HASŁO PRZEDMIOTOWE W FORMIE NAZWY OGÓLNEJ LUB JEDNOSTKOWEJ
Nazwa ogólna lub geograficzna English language
650 #9 - HASŁO PRZEDMIOTOWE W FORMIE NAZWY OGÓLNEJ LUB JEDNOSTKOWEJ
Nazwa ogólna lub geograficzna Polish language
655 ## - TERMIN INDEKSOWY - OKREŚLENIE RODZAJU/FORMY DOKUMENTU
Określenie rodzaju/formy dokumentu Dictionaries
700 1# - HASŁO DODATKOWE - NAZWA OSOBOWA
Nazwa osobowa Linde-Usiekniewicz, Jadwiga.
Określenie związku między hasłem a opisywanym materiałem ed.
856 ## - LOKALIZACJA I DOSTĘP DO ELEKTRONICZNYCH DOKUMENTÓW ZDALNYCH
Link (URL) http://koha.tu.koszalin.pl/cgi-bin/koha/opac-detail.pl?biblionumber=49299
Tekst linku Katalog online BPK
942 ## - DODATKOWE ELEMENTY (KOHA)
Typ dokumentu Płyta CD
Egzemplarze
Wycofany Status egzemplarza Uszkodzony Dostępność Lokalizacja stała Lokalizacja bieżąca Miejsce przechowywania Sygnatura Kod kreskowy Dział Typ dokumentu
      Tylko na miejscu Biblioteka Politechniki Koszalińskiej Biblioteka Politechniki Koszalińskiej Czytelnia Wydziałowa ul. Kwiatkowskiego 6e CDA 71 09051621 811.111(03) Język angielski - encyklopedie, słowniki Płyta CD
      Dostępny Biblioteka Politechniki Koszalińskiej Biblioteka Politechniki Koszalińskiej Wypożyczalnia Językowa CDA 72 09051614   Płyta CD
© 2023 Biblioteka Politechniki Koszalińskiej :: KOHA